| 000 | 00643cab a2200229 4500 | ||
|---|---|---|---|
| 001 | WB2249-31 | ||
| 008 | 090401t1986 xxu||||| |||| 00| 0 eng d | ||
| 035 | _a(Sirsi) u50654 | ||
| 041 | _aeng | ||
| 245 | _aSeabed estates | ||
| 260 | _c1986 | ||
| 300 | _aSee also WB2248-22 | ||
| 350 | _a0 | ||
| 490 |
_aScotsman _v5/12/86 p6 |
||
| 520 | _aScottish salmon fish farmers who disagree with rents proposed by the Crown Estate Commissioners for farming the seabed, may appeal directly to the Queen. | ||
| 650 | _aFORESHORE | ||
| 650 | _aMARINE RESOURCES | ||
| 650 | _aSCOTLAND | ||
| 690 | _aLAND | ||
| 942 | _n0 | ||
| 948 | _c04/03/1997 | ||
| 999 |
_c31611 _d31611 |
||